000 00452cam a2200181 4500
001 D8155
008 090401t1973 xxu||||| |||| 00| 0 eng d
035 _a(Sirsi) u11432
041 _aeng
050 _a711.552
100 _aRedstone, Louis G
245 _aNew dimensions in shopping centers and stores
260 _aNew York/London
_bMcGraw-Hill
_c1973
300 _axix. 322p. illus. 30cm
350 _a9.5
942 _n0
948 _c04/03/1997
999 _c86863
_d86863